|
|
|
|
| LEADER |
00000nam a2200000 a 4500 |
| 001 |
ELB141813 |
| 003 |
FINmELB |
| 005 |
20201022193357.0 |
| 006 |
m o d | |
| 007 |
cr cn||||||||| |
| 008 |
101130t20031984enka sb 001 0 eng d |
| 020 |
|
|
|z 9780946439102
|
| 020 |
|
|
|z 0946439109
|
| 020 |
|
|
|z 9781849400008 (e-book)
|
| 035 |
|
|
|a (OCoLC)271359328
|
| 040 |
|
|
|a FINmELB
|c FINmELB
|d FINmELB
|
| 050 |
|
4 |
|a RC510
|b .F68 2003
|
| 100 |
1 |
|
|a Foulkes, S. H.
|
| 245 |
1 |
0 |
|a Group psychotherapy :
|b the psychoanalytic approach /
|c S.H. Foulkes & E.J. Anthony.
|
| 250 |
|
|
|a 2nd ed.
|
| 260 |
|
|
|a London :
|b Karnac,
|c 2003, c1984.
|
| 300 |
|
|
|a [281] p. :
|b ill.
|
| 504 |
|
|
|a Includes bibliographical references and index.
|
| 588 |
|
|
|a Description based on metadata supplied by the publisher and other sources.
|
| 590 |
|
|
|a Electronic reproduction. Santa Fe, Arg.: elibro, 2020. Available via World Wide Web. Access may be limited to eLibro affiliated libraries.
|
| 650 |
|
0 |
|a Group psychoanalysis.
|
| 655 |
|
4 |
|a Electronic books.
|
| 700 |
1 |
|
|a Anthony, E. J.
|
| 797 |
2 |
|
|a elibro, Corp.
|
| 856 |
4 |
0 |
|u https://elibro.uam.elogim.com/ereader/bidiuam/141813
|z Texto completo
|
| 950 |
|
|
|a eLibro English
|